Love Stories Across Time And History/ (Record no. 211955)

MARC details
000 -LEADER
fixed length control field 00515nam a22001817a 4500
005 - DATE AND TIME OF LATEST TRANSACTION
control field 20250625155329.0
010 ## - LCCN (DPL NO)
LC control number ENG-145561
020 ## - INTERNATIONAL STANDARD BOOK NUMBER
International Standard Book Number 9788119670871
Terms of availability 350.00
035 ## - SYSTEM CONTROL NUMBER
System control number EN-129093
037 ## - SOURCE OF ACQUISITION
Source of stock number/acquisition DBAD
082 ## - DEWEY DECIMAL CLASSIFICATION NUMBER
Classification number S
Edition number 1
245 ## - TITLE STATEMENT
Title Love Stories Across Time And History/
Statement of responsibility, etc Compiled by Abhishek Rana
260 ## - PUBLICATION, DISTRIBUTION, ETC. (IMPRINT)
Place of publication, distribution, etc New Delhi
Name of publisher, distributor, etc Vitasta Publishing Pvt Ltd
Date of publication, distribution, etc 2024
270 ## - ADDRESS
Address 4348/4C, Ansari Road, Daryaganj
City New Delhi
Postal code 110002
300 ## - PHYSICAL DESCRIPTION
Extent 143p.
Dimensions 20cm(Pb)
760 ## - MAIN SERIES ENTRY
Edition 1
942 ## - ADDED ENTRY ELEMENTS (KOHA)
Source of classification or shelving scheme Dewey Decimal Classification
Item type English Books
Classification part S
Call number suffix LOV
Holdings
Withdrawn status Lost status Not for loan Collection code Home library Current library Date acquired Source of acquisition Cost, normal purchase price Full call number Barcode Copy number Cost, replacement price Koha item type
      Fiction Sarojini Nagar Sarojini Nagar 25/06/2025 DBAD 350.00 S LOV en-129093 1 350.00 English Books

© Delhi Public Library
Hit Counter
free hit counter